The Differential Invariants of Generalized Spaces
Αποθηκεύτηκε σε:
| Κύριος συγγραφέας: | |
|---|---|
| Μορφή: | Βιβλίο |
| Γλώσσα: | English |
| Δημοσίευση: |
New York :
Chelsea,
1991
|
| Έκδοση: | 2nd ed. |
| Θέματα: | |
| Ετικέτες: |
Προσθήκη ετικέτας
Δεν υπάρχουν, Καταχωρήστε ετικέτα πρώτοι!
|
MARC
| LEADER | 00000nam a2200000 i 4500 | ||
|---|---|---|---|
| 001 | 1/46160 | ||
| 008 | 950615s1991 eng d | ||
| 020 | |a 0-8284-0336-8 | ||
| 035 | |a 1995 |c ΚΕΧΑΓΙΑΣ |l 10042725 | ||
| 040 | |a GR-MY-UA |b gre |e aacr | ||
| 041 | 0 | |a eng | |
| 082 | 0 | |a 515.363 | |
| 100 | 1 | |a Thomas, Tracy Y. |q (Tracy Yerkes) |d 1899- | |
| 245 | 1 | 4 | |a The Differential Invariants of Generalized Spaces / |c Tracy Yerkes Thomas |
| 250 | |a 2nd ed. | ||
| 260 | |a New York : |b Chelsea, |c 1991 | ||
| 300 | |a 240 p.; |b ill.; |c 25 cm. | ||
| 500 | |a Includes bibliographical references and index | ||
| 650 | 0 | 0 | |a Generalized spaces. |
| 650 | 0 | 0 | |a Differential invariants. |
| 852 | |a INST |b SAMOS |e 19950615 |h 515.363 THO |p 005300005532 |q 005300005532 |t BK |y 0 | ||
| 909 | |a Σ |b 039034 | ||